000 01083nam0a22002531 4500
001 rc\4289193
005 20130416123357.8
035 _a(NLR Aleph) 008251732
090 _a8340353
_c8340353
100 _a20130416d1965 |||y0rusy50 ca
101 0 _arus
102 _aRU
105 _aa z |||||
200 1 _aПриспособление для обработки пластмассовых деталей твердосплавной фрезой
_fГос. ком. Совета Министров РСФСР по координации науч.-исслед. работ. Гос. науч.-исслед. ин-т науч. и техн. информации. ГосИНТИ
210 _aМосква
_cБ. и.
_d1965
215 _a7 с.
_cчерт.
_d15
225 1 _aПередовой научно-технический и производственный опыт
_v№ 1-65-1445/32
700 1 _aБольшов
_bИ. Ф.
701 1 _aЧиликин
_bВ. С.
801 0 _aRU
_bNLR
_gpsbo
801 1 _aRU
_bELAR
_2rusmarc
852 _aNLR
_jП11/2295
942 _cBOOK
980 _aNB